Interstate Ends and Beginnings - Statistics

General Stats
  • This quiz has been taken 19 times
  • The average score is 29 of 58
Answer Stats
Terminus 1 Terminus 2 Answer % Correct
Barstow, CA Wilmington, NC I-40
100%
Charleston, WV Erie, PA I-79
79%
Kansas City, MO Pembina, ND I-29
71%
Cove Fort, UT Baltimore, MD I-70
71%
San Francisco, CA Teaneck, NJ I-80
71%
Santa Monica, CA Jacksonville, FL I-10
64%
Kingsport, TN Charleston, SC I-26
64%
Laredo, TX Duluth, MN I-35
64%
Mobile, AL Gary, IN I-65
64%
Miami Lakes, FL Sault Ste. Marie, MI I-75
64%
Dandridge, TN Wellesley Island, NY I-81
64%
Seattle, WA Boston, MA I-90
64%
San Diego, CA Sweetgrass, MT I-15
57%
Scroggins Draw, TX Florence, SC I-20
57%
Las Cruces, NM Buffalo, WY I-25
57%
Wichita Falls, TX St. Louis, MO I-44
57%
San Diego (San Ysidro), CA Blaine, WA I-5
57%
Louisville, KY Cleveland, OH I-71
57%
Columbia, SC Cleveland, OH I-77
57%
Jonestown, PA New York City, NY I-78
57%
San Diego, CA Casa Grande, AZ I-8
57%
Portland, OR Echo, UT I-84
57%
Miami, FL Houlton, ME I-95
57%
Phoenix, AZ Flagstaff, AZ I-17
50%
Lubbock, TX Amarillo, TX I-27
50%
Fort Worth, TX North Little Rock, AR I-30
50%
Corpus Christi, TX San Antonio, TX I-37
50%
Tampa, FL Daytona Beach, FL I-4
50%
Galveston, TX Dallas, TX I-45
50%
LaPlace, LA Chicago, IL I-55
50%
Hannibal, MO Champaign, IL I-72
50%
Bettendorf, IA Lumberton, NC I-74
50%
Ellensberg, WA Hermiston, OR I-82
50%
Montgomery, AL Petersberg, VA I-85
50%
New York City, NY Champlain, NY I-87
50%
Lockwood, MT Port Huron, MI I-94
50%
Norton Shores, MI Detroit, MI I-96
50%
Pulley's Mill, IL Chattanooga, TN I-24
43%
Normal, IL Wausau, WI I-39
43%
Beloit, WI Howard, WI I-43
43%
Lafayette, LA Kansas City, MO I-49
43%
Miner, MO Chicago, IL I-57
43%
Wentzville, MO Chesapeake, VA I-64
43%
Morgantown, WV Hancock, MD I-68
43%
Rosenberg, TX Port Huron, MI I-69
43%
Scranton, PA Sturbridge, MA I-84
43%
Bow, NH Highgate, VT I-89
43%
Canton, MA St. Johnsbury, VT I-93
43%
Macon, GA Savannah, GA I-16
36%
Byhalia, MS Birmingham, AL I-22
36%
Russel, IL Howard, WI I-41
36%
Slidell, LA Wildwood, GA I-59
36%
North East, PA Windsor, NY I-86
36%
New Haven, CT Derby Line, VT I-91
36%
Denver, CO Big Springs, NE I-76 (CO-NE)
21%
Westfield Center, OH Bellmawr, NJ I-76 (OH, PA, NJ)
21%
East Moline, IL Hillside, IL I-88 (IL)
21%
Binghampton, NY Schenectady, NY I-88 (NY)
21%
No matching quizzes found
Score Distribution
Percent of People with Each Score
Percentile by Number Answered
Your Score History
You have not taken this quiz